000 00681nam a22001937a 4500
999 _c194177
_d194177
005 20221209112352.0
010 _aUR-11780
020 _a9789392496141
_c138.00
035 _aU-10335
037 _bDBAD/PUB
_a-
082 _a841
100 _aبدر محمدی
245 _aہم عصر شعری جہات :
_bتنقیدی مضامین /
_cبدر محمدی
_hا ر د و
246 _aHum asr sheri jehat (collection of critical essays) /
_bby Badr Mohammadi
260 _aNew Delhi
_bEducational Publishing House
_c2021 ء
270 _aH.O. D1/16, Ansari Road, Daryaganj
_bNew Delhi
_e110002
300 _a216 ص
_c23cm(Hb)
942 _2ddc
_cUR
_h841
_mب د ر